000 00855pam a2200277 a 4500
001 42456
003 BD-RjUL
005 20211209053538.0
008 160613s1984 enka b 001 0 eng
020 _a0631133267 :
_c$34.95 (U.S.)
020 _a0631133275 (pbk.) :
_c$14.95 (U.S.)
035 _a(BD-RjUL)42574
040 _aDLC
_cDLC
_dDLC
_d(BD-RjUL)
_beng
041 _aeng
082 0 0 _a330.15/5
_219
_bBOW 1984
100 1 _aBoadway, Robin W.,
_d1943-
_9130601
245 1 0 _aWelfare economics /
_cRobin Boadway, Neil Bruce.
260 _aOxford [Oxfordshire] :
_aNew York :
_bB. Blackwell,
_c1984.
300 _aviii, 344 p. :
_bill. ;
_c25 cm.
500 _aIncludes indexes.
504 _aBibliography: p. [329]-336.
650 0 _aWelfare economics.
_9130602
700 1 _aBruce, Neil.
_9130603
942 _2ddc
_cBK
999 _c42456
_d42456